000 00807cam a22002894i 4500
001 18578877
003 PILC
005 20150518075724.0
008 150416r20151973nyu b 001 0 eng
010 _a 2015371009
040 _aDLC
_beng
_erda
_cDLC
042 _apcc
043 _ae-uk---
050 0 0 _aHQ 1154
_b.R768 1973
082 0 0 _a305.42
100 1 _aRowbotham, Sheila.
245 1 0 _aWoman's consciousness, man's world /
_cSheila Rowbotham.
300 _axvi, 136 pages ;
_c20 cm.
490 0 _aRadical thinkers
500 _aIncludes index.
650 0 _aFeminism.
650 0 _aSocialism.
651 0 _aGreat Britain
_xSocial conditions.
906 _a7
_bcbc
_corigcop
_d2
_encip
_f20
_gy-gencatlg
942 _2lcc
_cBK
_kFOR
999 _c284000
_d284000